Online Catalogue and eLibrary

The cult the goddess pattini (Record no. 789)

MARC details
000 -LEADER
fixed length control field 00438nam a2200181Ia 4500
005 - DATE AND TIME OF LATEST TRANSACTION
control field 20240718035104.0
008 - FIXED-LENGTH DATA ELEMENTS--GENERAL INFORMATION
fixed length control field 240331s9999 xx 000 0 und d
020 ## - INTERNATIONAL STANDARD BOOK NUMBER
ISBN 8120802136
082 ## - DDC Classification
Class No. 200.042
Item Number - Author Mark OBE
100 ## - MAIN ENTRY--PERSONAL NAME
Personal name Obeyesekere, G
245 #4 - TITLE STATEMENT
Title The cult the goddess pattini
260 ## - PUBLICATION, DISTRIBUTION, ETC.
Place of publication, distribution, etc. New Delhi
Name of publisher, distributor, etc. Motilal Banarsidass
Date of publication, distribution, etc. 1987
300 ## - PHYSICAL DESCRIPTION
Extent (e.g. Volumes, Pages etc.) xvii, 629 p .,
650 ## - SUBJECT ADDED ENTRY--TOPICAL TERM
Topical term or geographic name entry element History
650 ## - SUBJECT ADDED ENTRY--TOPICAL TERM
Topical term or geographic name entry element Ritual
650 ## - SUBJECT ADDED ENTRY--TOPICAL TERM
Topical term or geographic name entry element Women
942 ## - Koha item type (Biblio)
Koha item type Books in Stacks (Lending)
Holdings
Lost status Damaged status Collection code Home library Current library Shelving location Date acquired Full call number Accession Number Item type
    Lending WERC Library WERC Library Social Science Cupboard 03/31/2024 200.042 OBE 312 Books in Stacks (Lending)

© WERC Library